| 000 | 00761nam a2200193Ii 4500 | ||
|---|---|---|---|
| 003 | JO-AjNU | ||
| 008 | 230605s9999||||xx |||||||||||||| ||und|| | ||
| 040 |
_aJO-AjNU _bara _erda _cJO-AjNU |
||
| 041 | _aara | ||
| 050 | 1 | 4 | _aPJ7577.H326 1900 |
| 100 | 3 |
_aتأليف هدارة، محمد مصطفى, _eauthor _940167 |
|
| 245 | 0 | 0 | _aالمنصورة: قصة البطولة العربية وهزيمة لويس التاسع |
| 264 | 3 | 1 | _aالقاهرة:دار المعارف،1900 |
| 300 | _a217ص | ||
| 336 |
_atext _btxt _2rdacontent |
||
| 337 |
_aunmediated _bn _2rdamedia |
||
| 338 |
_avolume _bnc _2rdacarrier |
||
| 650 | 4 |
_a الحروب الصليبية - مصر - تاريخ - العصر الأيوبي - لويس التاسع، ملك فرنسا _940168 |
|
| 999 |
_aA17023 _c20591 _d20591 |
||